• 首页
  • 本馆介绍
  • 公告通知
  • 最新文献
  • 馆藏检索
  • 电子资源
  • 读者导购
  • 参考咨询
  • 我的图书馆
  • 登录
  • 详细信息显示
  • 放入我的书架
  • 预约/预借图书
  • 作者相关作品
  • 分类相关作品
  • 丛书相关作品
  • 出版社相关作品

书目信息

  • 表格格式
  • 工作单格式
  • 卡片格式
题名:
闲暇经济管理研究
    
 
作者: 魏翔 著
分册:  
出版信息: 北京   中国财政经济出版社  2011
页数: 308页
开本: 23cm
丛书名:
单 册:
中图分类: F014.5
科图分类:
主题词: 消费经济学--研究 , 消费经济学
电子资源:
ISBN: 978-7-5095-2648-4
000 00975nam0 2200265 450
001 523
005 20140908143657.25
010    @a978-7-5095-2648-4@dCNY39.00
100    @a20110530d2011 em y0chiy50 ea
101 0  @achi
102    @aCN@b110000
105    @ay z 000yy
106    @ar
200 1  @a闲暇经济管理研究@AXian Xia Jing Ji Guan Li Yan Jiu@f魏翔著@FWei Xiang Zhu
210    @a北京@c中国财政经济出版社@d2011
215    @a308页@d23cm
300    @a北京第二外国语学院博士学术文库
300    @a北京市属高等学校人才强教计划资助项目 北京市教委科技创新平台资助项目等
330    @a本书分为导论、闲暇经济管理、闲暇的内容管理三部分,内容包括:基本框架、文献回顾与展望、必要型闲暇时间管理:基于家庭经济学、受教育时间管理:基于教育经济学、休闲服务管理、休闲活动管理等。
606 0  @a消费经济学@x研究
606 0  @a消费经济学
690    @aF014.5@v5
701  0 @a魏翔@AWei Xiang@f(1972~)@4著
801  0 @aCN@bTANGWEI@c20140603
905    @b0840425-27@dF014.5@e446@f3
    
    闲暇经济管理研究/魏翔著.-北京:中国财政经济出版社,2011
    308页;23cm
    北京第二外国语学院博士学术文库.-北京市属高等学校人才强教计划资助项目 北京市教委科技创新平台资助项目等
    
    ISBN 978-7-5095-2648-4:CNY39.00
    本书分为导论、闲暇经济管理、闲暇的内容管理三部分,内容包括:基本框架、文献回顾与展望、必要型闲暇时间管理:基于家庭经济学、受教育时间管理:基于教育经济学、休闲服务管理、休闲活动管理等。
●
相关链接 在E读中查询图书 在五车中查询图书 在当当中查询图书 在豆瓣中查询图书


正题名:闲暇经济管理研究     索取号:F014.5/446         预约/预借

序号 登录号 条形码 馆藏地/架位号 状态 备注
1 0840425   208404252   第一样本阅览室/ [索取号:F014.5/446] 在馆    
2 0840426   208404261   第一借阅区/ [索取号:F014.5/446] 在馆    
3 0840427   208404270   密集书库-海洋学院/ [索取号:F014.5/446] 在馆    
唐山师范学院图书馆 欢迎您!
大连网信软件有限公司© 版权所有